Statistics for Every Ore in Minecraft

Click here to take the quiz!

General Stats

  • This quiz has been taken 20 times
    (15 since last reset)
  • The average score is 9 of 10

Answer Stats

DimensionOre% Correct
NetherAncient Debris
100%
OverworldCoal
100%
OverworldDiamond
100%
OverworldGold
100%
NetherGold
100%
OverworldIron
100%
OverworldEmerald
92%
NetherQuartz
92%
OverworldLapis Lazuli
85%
OverworldRedstone
77%

Score Distribution

Percentile by Number Answered

Percent of People with Each Score

Your Score History

You have not taken this quiz since the last reset